Solving problems in food engineering.

Uloženo v:
Podrobná bibliografie
Hlavní autor: Yanniotis, Stravos (Autor)
Médium: Neznámo
Vydáno: New York, USA Springer, 2008.
Edice:Food Engineering Series.
Témata:
On-line přístup:Extras Materials Archive Search
Tagy: Přidat tag
Žádné tagy, Buďte první, kdo vytvoří štítek k tomuto záznamu!

MARC

LEADER 00000 a2200000 4500
003 CL-VaPUC
005 20230803110231.0
008 230117t2008 ||||| |||| 00| 0 eng d
999 |c 439630  |d 439628 
020 |a 9780387735139 
040 |c Pontificia Universidad Católica de Valparaíso 
082 7 |a 664 YAN 2008  |2 22 
100 |a Yanniotis, Stravos   |9 879245  |e author 
245 1 |a Solving problems in food engineering. 
260 |a New York, USA  |b Springer,   |c 2008. 
300 |a 297 páginas.  
490 |a Food Engineering Series. 
583 |k GC  |c 20230117 
650 0 |a Tecnología de alimentos  |9 259595 
650 0 |a Industria alimentaria  |9 331702 
856 |u https://extras.springer.com/  |y Extras Materials Archive Search 
942 |2 ddc  |c BK 
952 |0 0  |1 0  |2 ddc  |4 0  |6 664_000000000000000_YAN_2008  |7 0  |8 A  |9 588652  |a BIBALI  |b BIBALI  |d 2023-01-17  |e 13  |g 96152.00  |i 5656432  |l 2  |o 664 YAN 2008  |p 5656432  |r 2025-01-20  |s 2024-01-02  |t 1  |v 96152.00  |w 2023-01-17  |y BK  |k ALI